Economic development (Record no. 2613)

000 -LEADER
fixed length control field 00554nam a22002177a 4500
001 - CONTROL NUMBER
control field 2613
003 - CONTROL NUMBER IDENTIFIER
control field BD-DhUET
008 - FIXED-LENGTH DATA ELEMENTS--GENERAL INFORMATION
fixed length control field 140928b xxu||||| |||| 00| 0 eng d
020 ## - INTERNATIONAL STANDARD BOOK NUMBER
International Standard Book Number 9788177584868
040 ## - CATALOGING SOURCE
Transcribing agency 0
Modifying agency BD-DhUET
082 ## - DEWEY DECIMAL CLASSIFICATION NUMBER
Classification number 338.9
Item number TOD/2003
100 ## - MAIN ENTRY--PERSONAL NAME
Personal name Todaro, Michael P.
245 ## - TITLE STATEMENT
Title Economic development
250 ## - EDITION STATEMENT
Edition statement 8th ed.
260 ## - PUBLICATION, DISTRIBUTION, ETC. (IMPRINT)
Place of publication, distribution, etc. New Delhi
Name of publisher, distributor, etc. Pearson Education
Date of publication, distribution, etc. 2003
300 ## - PHYSICAL DESCRIPTION
Extent 863 p.
Other physical details ill.
Dimensions 25 cm.
504 ## - BIBLIOGRAPHY, ETC. NOTE
Bibliography, etc Includes bibliographies
650 #0 - SUBJECT ADDED ENTRY--TOPICAL TERM
Topical term or geographic name as entry element Economic development
700 ## - ADDED ENTRY--PERSONAL NAME
Personal name Smith, Stephen C.
942 ## - ADDED ENTRY ELEMENTS (KOHA)
Koha item type General Book
Holdings
Lost status Koha item type Koha normalized classification for sorting Withdrawn status Koha full call number Koha issues (times borrowed) Source of classification or shelving scheme Date acquired Copy number Sublocation or collection (holding branch) Location (home branch) Shelving location Koha date last borrowed Not for loan Koha renewals Koha date last seen Koha out on loan Piece designation (barcode) Damaged status Price effective from
 General Book338_900000000000000_TOD_2003 338.9/TOD/20033 2014-09-281Central Library, BUETCentral Library, BUETCirculation section2023-12-04  2024-06-12 105033 2014-09-28
 General Book338_000000000000000_9TOD2003 338.9/TOD/2003  2014-09-282Central Library, BUETCentral Library, BUETCirculation section   2016-02-06 101786 2014-09-28
 General Book338_000000000000000_9TOD2003 338.9/TOD/2003  2014-09-283Central Library, BUETCentral Library, BUETCirculation section  12016-02-08 101787 2014-09-28
 General Book338_900000000000000_TOD_2003 338.9/TOD/20031 2014-09-284Central Library, BUETCentral Library, BUETCirculation section2016-01-30  2016-01-302017-06-28101788 2014-09-28
 General Book338_000000000000000_9TOD2003 338.9/TOD/2003  2014-09-285Central Library, BUETCentral Library, BUETCirculation section   2016-02-06 101789 2014-09-28
 General Book338_900000000000000_TOD_2003 338.9/TOD/2003  2015-01-206Central Library, BUETCentral Library, BUETCirculation section   2015-01-20 101790 2015-01-20